Jakie linie zostały uruchomione na Ws. Świę. 2024 w Szczecinie - Statystyki

Ogólne statystyki
  • Ten quiz został rozwiązany 13 razy
  • Średni wynik to 7 z 8
Statystyki odpowiedzi
Linia Trasa % Poprawnych
D53 Dworska-Ludowa
100%
D60 Stocznia Szczecińska-Plac Rodła-Cukrowa
92%
D75 Karola Miarki-Osiedle Kaliny
92%
D07 Police Wyszyńskiego Polana-Karola Miarki
83%
D15 Dworzec Niebuszewo-Gumieńce
83%
D62 Plac Kościuszki-Cmentarz Zachodni
83%
D80 Karola Miarki-Ludowa
75%
D97 Turkusowa-Dąbie Osiedle
75%
Nie znaleziono quizów pasujących do podanych kryteriów
Rozkład punktacji
Procent ludzi z każdym wynikiem
Percentyl według liczby udzielonych odpowiedzi
Twoja historia wyników
Nie rozwiązałeś tego quizu